[Event "Mittelrhein Verbandsliga-W 17/18"]
[Site "Nordrheinwestfalen"]
[Date "2017.12.03"]
[Round "5.4"]
[White "Schettler, Juergen"]
[Black "Jaeschke, Hans Joachim"]
[Result "1-0"]
[WhiteElo "1943"]
[BlackElo "1800"]
[PlyCount "42"]
[EventDate "2017.09.10"]
[EventType "team-tourn"]
[EventRounds "11"]
[EventCountry "GER"]
[SourceTitle "EXT 2022"]
[Source "ChessBase"]
[SourceDate "2021.10.06"]
[SourceVersion "1"]
[SourceVersionDate "2021.10.06"]
[SourceQuality "1"]
[WhiteTeam "Alsdorf SVG"]
[BlackTeam "Horrem"]
[WhiteTeamCountry "GER"]
[BlackTeamCountry "GER"]

1. Nf3 Nf6 2. g3 d5 3. Bg2 e6 4. 0-0 Be7 5. d4 0-0 6. c4 Re8 7. Nc3 c6 8. b3 Nbd7 9. Qc2 Nb6 10. e4 dxc4 11. bxc4 Nxc4 12. e5 Nd5 13. Ne4 Na3 14. Qd3 Nb5 15. a4 Nbc7 16. Ba3 Bxa3 17. Rxa3 Nb4 18. Qb1 a5 19. Nfg5 Nbd5 20. Nxh7 f5 21. exf6 Kxh7 1-0

[Event "Mittelrhein Verbandsliga-W 16/17"]
[Site "Nordrheinwestfalen"]
[Date "2017.01.08"]
[Round "6.6"]
[White "Jazmati, Abdul"]
[Black "Jaeschke, Hans Joachim"]
[Result "0-1"]
[WhiteElo "1659"]
[BlackElo "1796"]
[PlyCount "70"]
[EventDate "2016.09.11"]
[EventType "team-tourn"]
[EventRounds "11"]
[EventCountry "GER"]
[SourceTitle "EXT 2022"]
[Source "ChessBase"]
[SourceDate "2021.10.06"]
[SourceVersion "1"]
[SourceVersionDate "2021.10.06"]
[SourceQuality "1"]
[WhiteTeam "Eilendorf Arminia"]
[BlackTeam "Horrem"]
[WhiteTeamCountry "GER"]
[BlackTeamCountry "GER"]

1. e4 e6 2. Nf3 d5 3. exd5 exd5 4. d4 Bd6 5. Bg5 Nf6 6. Be2 0-0 7. 0-0 Bf5 8. Ne5 Nbd7 9. f4 c6 10. Kh1 Qb6 11. b3 h6 12. Bh4 c5 13. c3 cxd4 14. cxd4 Rac8 15. a4 Bc2 16. Nxd7 Nxd7 17. Qd2 Qxb3 18. Qe1 Rfe8 19. Qf2 Bb4 20. Bb5 Rc7 21. Nd2 Bxd2 22. Qxd2 a6 23. Bxd7 Rxd7 24. Rf3 Qb2 25. Raf1 Re4 26. R3f2 Rc7 27. Qa5 Qc3 28. Qxd5 Re1 29. h3 Rxf1+ 30. Rxf1 Be4 31. Qd8+ Kh7 32. Kh2 Qd3 33. Rf2 Rc2 34. Qb6 Rxf2 35. Bxf2 Qf1 0-1

[Event "Mittelrhein Verbandsliga-W 16/17"]
[Site "Nordrheinwestfalen"]
[Date "2016.11.27"]
[Round "4.6"]
[White "Huppertz, Franz Josef"]
[Black "Jaeschke, Hans Joachim"]
[Result "0-1"]
[WhiteElo "1701"]
[BlackElo "1796"]
[PlyCount "82"]
[EventDate "2016.09.11"]
[EventType "team-tourn"]
[EventRounds "11"]
[EventCountry "GER"]
[SourceTitle "EXT 2022"]
[Source "ChessBase"]
[SourceDate "2021.10.06"]
[SourceVersion "1"]
[SourceVersionDate "2021.10.06"]
[SourceQuality "1"]
[WhiteTeam "Eschweiler SC"]
[BlackTeam "Horrem"]
[WhiteTeamCountry "GER"]
[BlackTeamCountry "GER"]

1. d4 d6 2. Nf3 Nf6 3. c4 Nbd7 4. Nc3 e5 5. Bg5 h6 6. Bh4 Be7 7. d5 Ng4 8. Bxe7 Qxe7 9. h3 e4 10. hxg4 exf3 11. gxf3 Ne5 12. e4 a6 13. Be2 Qf6 14. Rh5 Bd7 15. g5 Qf4 16. Kf1 g6 17. Rh1 0-0-0 18. Qc1 hxg5 19. Qxf4 gxf4 20. Kg2 g5 21. b3 Ng6 22. Rxh8 Rxh8 23. Rh1 Nh4+ 24. Kf1 Kd8 25. b4 b6 26. a4 Ke7 27. e5 dxe5 28. c5 bxc5 29. bxc5 Rb8 30. Ke1 Rb3 31. Kd2 a5 32. Kc2 Rb4 33. d6+ Ke8 34. dxc7 Bf5+ 35. Kc1 Rb3 36. Ne4 Kd7 37. Kc2 Rb4 38. Rd1+ Kxc7 39. Bb5 Nxf3 40. Kc3 Rxe4 41. Bd3 Rd4 0-1

[Event "Mittelrhein Verbandsliga-W 16/17"]
[Site "Nordrheinwestfalen"]
[Date "2016.09.11"]
[Round "1.7"]
[White "Saizew, Valeri"]
[Black "Jaeschke, Hans Joachim"]
[Result "1-0"]
[WhiteElo "1987"]
[BlackElo "1796"]
[PlyCount "71"]
[EventDate "2016.09.11"]
[EventType "team-tourn"]
[EventRounds "11"]
[EventCountry "GER"]
[SourceTitle "EXT 2022"]
[Source "ChessBase"]
[SourceDate "2021.10.06"]
[SourceVersion "1"]
[SourceVersionDate "2021.10.06"]
[SourceQuality "1"]
[WhiteTeam "Wuerselen II"]
[BlackTeam "Horrem"]
[WhiteTeamCountry "GER"]
[BlackTeamCountry "GER"]

1. e4 e6 2. d4 d5 3. Nd2 Nf6 4. e5 Nfd7 5. Bd3 c5 6. c3 Nc6 7. Ne2 Qb6 8. Nf3 cxd4 9. cxd4 Be7 10. 0-0 0-0 11. a3 f6 12. exf6 Bxf6 13. b4 e5 14. b5 Ne7 15. dxe5 Nxe5 16. Nxe5 Bxe5 17. Be3 Qd6 18. Nd4 Bxh2+ 19. Kh1 Bf4 20. Qh5 g6 21. Qh4 Be5 22. Rae1 Nf5 23. Bxf5 Bxf5 24. Bh6 Rf7 25. Re3 Be4 26. Rd1 Bxd4 27. Rxd4 Qe5 28. Rexe4 dxe4 29. Rd8+ Rf8 30. Bxf8 Rxd8 31. Qxd8 Qa1+ 32. Kh2 Qe5+ 33. g3 Kf7 34. Bb4 Qh5+ 35. Kg1 Qe2 36. Qe7+ 1-0

[Event "Mittelrhein Verbandsliga-W 15/16"]
[Site "Nordrheinwestfalen"]
[Date "2015.12.13"]
[Round "5.7"]
[White "Jaeschke, Hans Joachim"]
[Black "Busse, Alexander"]
[Result "1-0"]
[WhiteElo "1830"]
[BlackElo "1609"]
[PlyCount "99"]
[EventDate "2015.09.06"]
[EventType "team-tourn"]
[EventRounds "11"]
[EventCountry "GER"]
[SourceTitle "EXT 2022"]
[Source "ChessBase"]
[SourceDate "2021.10.06"]
[SourceVersion "1"]
[SourceVersionDate "2021.10.06"]
[SourceQuality "1"]
[WhiteTeam "Horrem"]
[BlackTeam "Bruehl II"]
[WhiteTeamCountry "GER"]
[BlackTeamCountry "GER"]

1. e4 b6 2. d4 e6 3. Nf3 Bb7 4. Bd3 h6 5. Qe2 Nf6 6. Nc3 Bb4 7. Bd2 Qe7 8. 0-0-0 a5 9. a3 Bxa3 10. bxa3 Qxa3+ 11. Kb1 c6 12. e5 Nd5 13. Nxd5 cxd5 14. Bc1 Qb4+ 15. Ka2 Ba6 16. Ba3 Qa4 17. Rb1 Nc6 18. Bxa6 Nb4+ 19. Kb2 Nxa6 20. Qd3 Rc8 21. Qb3 Qc6 22. c3 a4 23. Qc2 b5 24. Rhc1 Qb7 25. Ka1 Qc6 26. Ne1 Rb8 27. Nd3 Rb7 28. Nc5 Nxc5 29. Bxc5 Qa6 30. Rb4 d6 31. Bxd6 f5 32. Rcb1 Kf7 33. Qd3 Rc8 34. Bc5 Rcb8 35. R1b2 Qc6 36. Kb1 Kg8 37. Kc2 Kf7 38. Bd6 Rc8 39. Rxb5 Rxb5 40. Rxb5 Qa6 41. Rb8 Qc6 42. Rxc8 Qxc8 43. Qb5 Kg6 44. Qxa4 Kh5 45. Bc5 g5 46. Qa7 Qc6 47. Qb6 Qa4+ 48. Qb3 Qa6 49. Kd2 Qf1 50. Qd1+ 1-0

[Event "Mittelrhein Regionalliga 1415"]
[Site "Mittelrhein"]
[Date "2014.09.28"]
[Round "1.8"]
[White "Jaeschke, Hans Joachim"]
[Black "Di Franco, Patricio"]
[Result "0-1"]
[WhiteElo "1834"]
[BlackElo "2062"]
[PlyCount "38"]
[EventDate "2014.09.28"]
[EventType "team-tourn"]
[EventRounds "9"]
[EventCountry "GER"]
[SourceTitle "EXT 2023"]
[Source "ChessBase"]
[SourceDate "2022.10.05"]
[SourceVersion "1"]
[SourceVersionDate "2022.10.05"]
[SourceQuality "1"]
[WhiteTeam "Horrem"]
[BlackTeam "Koeln Lasker"]
[WhiteTeamCountry "GER"]
[BlackTeamCountry "GER"]

1. e4 c5 2. Nf3 d6 3. Bb5+ Bd7 4. Bxd7+ Nxd7 5. 0-0 Ngf6 6. Qe2 Rc8 7. e5 Nxe5 8. Nxe5 dxe5 9. Qxe5 e6 10. d3 Bd6 11. Qe2 h6 12. Nc3 0-0 13. f4 Nd5 14. Ne4 b5 15. f5 Be5 16. Qg4 Rc6 17. f6 Nxf6 18. Nxf6+ Bxf6 19. Bxh6 Qd4+ 0-1